000 00263nam a2200109Ia 4500
008 200302s9999 xx 000 0 und d
100 _aLucy Peck
245 _aFatehpur Sikri Revisitng Akbar'S Masterpiece
260 _bRoli Books
260 _c2014
300 _a145 P
999 _c4359
_d4359